[Event "RUS-ch Rapid 2021"]
[Site "Sochi"]
[Date "2021.10.13"]
[Round "6.19"]
[White "Nozdrachev, Vladislav"]
[Black "Klukin, Kirill"]
[Result "1-0"]
[WhiteElo "2495"]
[BlackElo "2346"]
[Annotator "TA"]
[PlyCount "98"]
[EventDate "2021.10.12"]
[EventType "swiss"]
[EventCountry "RUS"]
[SourceTitle "playchess.com"]
[Source "ChessBase"]
[SourceQuality "1"]

{[%evp 21,98,0,0,0,0,0,0,0,0,0,0,0,0,0,17,17,17,0,47,50,43,52,52,50,41,42,43,43,43,43,42,43,44,50,50,50,44,44,55,45,162,156,163,168,167,153,155,116,126,70,82,70,68,77,84,83,159,144,143,150,135,134,1324,1078,4698,4495,5708,4134,29977,29978,29979,29980,29980,29981,29981,29982,29983,29982,29982]} 1. e4 c5 2. Nf3 Nc6 3. Bb5 g6 4. O-O Bg7 5. Re1 Nf6 6. e5 Nd5 7. Nc3 {[%cal Bb1c3,Bc3e4,Be4f6][%mdl 32]} Nc7 8. Bxc6 dxc6 9. Ne4 b6 10. Nf6+ Kf8 11. Ne4 Bg4 12. h3 {B31: Sicilian: 2...Nc6 3 Bb5 g6.} Bxf3 13. Qxf3 Ne6 14. d3 {The position is equal.} Qd5 15. Ng5 Nxg5 16. Bxg5 Qxf3 17. gxf3 {[#]} h6 $146 ({Predecessor:} 17... Rd8 18. Bd2 Rd5 19. Bc3 e6 20. a3 Ke7 21. b4 Kd7 22. Re4 Ra8 23. Kg2 Bf8 {½-½ (67) Babanin,G (2142)-Fantinel,T (2375) Europe Echecs INT 2021}) 18. Bd2 Rd8 19. a4 a5 20. Ra3 Ra8 21. Rb3 Ra6 22. Be3 Ke8 23. d4 cxd4 24. Bxd4 c5 25. Bc3 e6 26. Rd1 $1 {[%cal Rd1d6] Rd6 is the strong threat.} Bf8 27. Bd2 Be7 28. Be3 g5 29. Kg2 Rf8 30. f4 f6 (30... Rg8 $14 31. Kf3 gxf4 32. Bxf4 Rg6) 31. exf6 $18 Rxf6 32. fxg5 hxg5 33. Bxg5 Rf5 34. Bxe7 Kxe7 $16 {[%mdl 4096] Endgame KRR-KRR} 35. h4 ({White should play} 35. Rg3 $16) 35... Rf4 $14 36. h5 Rxa4 37. Rh1 Rb4 38. h6 Rxb3 ({Better is} 38... Ra8) 39. h7 $16 Ra8 40. cxb3 {KR-KR} Rh8 41. Kf3 Kd6 $2 {[%mdl 8192] [#] This costs Black the game.} (41... b5 $16 42. Ke4 Kf6) 42. Kf4 $18 b5 43. Kg5 c4 44. bxc4 bxc4 45. Kg6 {White mates.} Ke5 46. Kg7 Rb8 47. h8=Q Rxh8 48. Rxh8 Ke4 49. Rh3 Kd5 {Weighted Error Value: White=0.04/Black=0.34} 1-0

[Event "RUS-ch Rapid 2021"]
[Site "Sochi"]
[Date "2021.10.13"]
[Round "6.20"]
[White "Gutenev, Alexander"]
[Black "Trushnikov, Sergey"]
[Result "1-0"]
[WhiteElo "2455"]
[BlackElo "2525"]
[Annotator "TA"]
[PlyCount "165"]
[EventDate "2021.10.12"]
[EventType "swiss"]
[EventCountry "RUS"]
[SourceTitle "playchess.com"]
[Source "ChessBase"]
[SourceQuality "1"]

{[%evp 9,165,33,47,54,43,18,35,38,35,39,26,32,54,14,31,0,0,0,39,39,43,16,18,19,22,16,18,19,27,26,27,19,20,19,20,0,22,14,19,14,15,0,19,19,21,11,20,7,7,0,0,0,0,0,0,0,3,0,2,0,0,0,6,0,5,0,0,0,51,51,57,46,51,51,53,50,95,70,154,120,232,14,14,0,14,14,14,14,14,14,14,14,14,14,14,14,14,14,14,14,14,14,14,14,14,0,0,0,428,428,428,428,428,428,428,0,0,0,428,428,281,266,2661,3174,2223,4472,4106,4291,118,3430,1585,3846,3614,3023,2453,1866,4029,3033,3033,2595,2466,1793,2042,1808,1888,1673,890,36,44,44,58,59,29982,29983,29984,29984,29984,29985]} 1. e4 g6 2. d4 Bg7 3. Nf3 d6 4. Be2 Nc6 5. O-O e5 6. dxe5 {B06: Modern Defence.} dxe5 7. Nc3 {[#] Black should prevent Qxd8+.} Qxd1 $146 ({Predecessor:} 7... Bg4 8. Bg5 Qxd1 9. Raxd1 Nge7 10. Bxe7 Nxe7 11. Nb5 O-O 12. c3 Rfc8 13. h3 Be6 {½-½ (20) Sroka,J (2032)-Dawidow,J (2357) Polanica Zdroj 1999}) 8. Rxd1 {aiming for Nd5.White is slightly better.} Bg4 9. Nd5 O-O-O 10. c3 Nce7 11. Nxe7+ Nxe7 12. h3 (12. Be3 {keeps more tension.} Rxd1+ 13. Bxd1 f6 14. Bb3 b6 15. a4) 12... Rxd1+ 13. Bxd1 Bxf3 14. Bxf3 h5 15. Be3 Bh6 16. Bc5 ({Inferior is} 16. Bxa7 b6 $17) 16... Nc6 17. Be2 Bf8 18. Be3 Bh6 19. Bxh6 Rxh6 $11 {[%mdl 4096] Endgame KRB-KRN} 20. Bc4 Nd8 21. Rd1 Rh8 22. Kf1 Re8 23. Rd3 Re7 24. Ke2 Ne6 25. Rf3 Nd8 26. h4 Kd7 27. a4 Ke8 28. g3 Rd7 29. a5 Ke7 30. b4 Rd6 31. Bd5 c6 32. Bc4 Ne6 33. Re3 Rd8 34. Ke1 Rd7 35. Re2 Rd8 36. Rb2 a6 37. Ke2 (37. Rd2 {feels hotter.} Rc8 38. Bxe6 Kxe6 39. Ke2 Ke7 40. Rd1) 37... Nc7 38. Rd2 Rxd2+ (38... Rc8 $11) 39. Kxd2 {KB-KN} Ne8 40. Ke3 Nd6 41. Be2 Nb5 42. Kd3 Kf6 43. Bd1 Ke7 (43... Ke6 $14) 44. f4 $1 $16 f6 (44... Kf6 $16) 45. fxe5 $2 (45. f5 $1 $18) 45... fxe5 $11 46. g4 hxg4 47. Bxg4 Nd6 48. c4 {With the idea c5.} Ne8 49. c5 {Hoping for Bc8.} Kd8 50. Ke3 {Strongly threatening Be6.} Nf6 51. Be6 {Black must now prevent Bf7.} (51. Be2 {seems wilder.} Kd7 52. Kf3 Ke7 53. Bd1 Nh5 54. Ke2) 51... Nh5 $1 52. Kf3 Nf4 53. Bc4 Ke7 54. Bf1 Ke6 55. Kg3 Kf6 56. Kg4 Ne6 57. Bh3 {Threatens to win with Kg3.} Nf4 $1 58. Kg3 Nd3 $2 {[%mdl 8192]} (58... Nxh3 $11 {and Black has nothing to worry.} 59. Kxh3 Kg7) 59. Bc8 $18 Nxb4 60. Bxb7 Ke7 61. Kg4 $1 Kf6 62. Kf3 $2 (62. Bc8 $1 $18 Kf7 63. Kg5) 62... Ke7 $1 $11 63. Kg4 $2 {[%mdl 8192]} (63. Ba8 $11) 63... Kf6 $1 $18 {[#]} 64. Bc8 $1 Kf7 {[#]} 65. Kg5 $1 Nd3 $2 (65... Kg7 66. Bb7 Nd3) 66. Bxa6 Nxc5 67. Bc4+ Kg7 68. a6 Nxe4+ 69. Kg4 Nf6+ 70. Kf3 Nd7 71. a7 Nb6 72. Bd3 Kf6 73. Be4 c5 74. Kg4 c4 75. Kf3 g5 76. h5 Kg7 77. Ke3 g4 78. Kd2 $2 ({White must play} 78. Bf5 $18) 78... Kh6 $14 79. Kc3 {And now Kb4 would win.} g3 80. Kb4 c3 $2 {[%mdl 8192]} (80... Kxh5 $14 81. Kc5 c3) 81. Kxc3 {White mates.} Kxh5 82. Kb4 Kg4 83. Kb5 {Weighted Error Value: White=0.13/Black=0.21} 1-0

[Event "RUS-ch Rapid 2021"]
[Site "Sochi"]
[Date "2021.10.13"]
[Round "6.21"]
[White "Ivanov, Alexander Al."]
[Black "Savchenko, Boris"]
[Result "0-1"]
[WhiteElo "2400"]
[BlackElo "2535"]
[Annotator "TA"]
[PlyCount "96"]
[EventDate "2021.10.12"]
[EventType "swiss"]
[EventCountry "RUS"]
[SourceTitle "playchess.com"]
[Source "ChessBase"]
[SourceQuality "1"]

{[%evp 9,96,-15,-7,-12,0,0,20,14,14,-18,-18,-18,-14,-20,-18,-25,-25,-28,-24,-49,-34,-72,-77,-91,-81,-112,-93,-199,-36,-87,-97,-175,-175,-175,-168,-172,-172,-178,-178,-174,-174,-215,-155,-159,-154,-163,-148,-196,-138,-212,-126,-246,-246,-240,-239,-254,-250,-502,-491,-494,-484,-836,-829,-750,-718,-847,-805,-766,-766,-1077,-1045,-1495,-1285,-1267,-1127,-1256,-1022,-1165,-726,-2227,-1899,-29975,-29975,-29973,-29975,-29970,-29970,-29982,-29983]} 1. e4 g6 2. f4 d5 3. exd5 Qxd5 4. Nc3 Qd6 {[#]} 5. d3 $146 ({Predecessor:} 5. d4 Nf6 6. Nf3 Bg7 7. Be2 O-O 8. O-O a6 9. Ne5 Nc6 10. Be3 Rd8 11. Nc4 Qe6 12. Ne5 Nxe5 {½-½ (12) Dearnley,A (2336)-Figlio,G (2397) ICCF email 2011}) 5... Bg7 6. Nf3 {B06: Modern Defence.} Nh6 7. Ne4 Qd5 8. c3 {The position is equal.} b6 9. Qb3 (9. Be2 {is more complex.} Nc6 10. O-O Bb7 11. Ng3 O-O-O 12. d4) 9... Bb7 10. Qxd5 Bxd5 11. Be2 c5 12. O-O Nc6 13. Nf2 O-O-O 14. Ng5 f6 15. Nge4 Nf7 16. Be3 f5 17. Nd2 e5 18. Bf3 (18. fxe5 $17 Bxe5 19. Rae1) 18... g5 $2 (18... exf4 $1 $19 19. Bxf4 g5 20. Bxd5 Rxd5) 19. Bxd5 (19. fxg5 $15 f4 20. Bg4+ Kb8 21. Bxc5) 19... Rxd5 $17 20. g3 (20. fxg5 $17 f4 21. Nfe4) 20... gxf4 $1 $19 21. gxf4 Bh6 22. Nf3 exf4 23. Bd2 Nfe5 24. Nxe5 Nxe5 25. Rad1 Nf3+ 26. Kh1 Nxd2 27. Rxd2 f3 $36 {[%mdl 2048] Black has strong initiative.} 28. Rdd1 {[#]} Rhd8 (28... Re8 $1 $19 29. c4 Rde5) 29. Rfe1 (29. d4 $17) 29... Kd7 (29... Rg8 $19 {Hoping for ...Rg2.} 30. Re6 {[#]} Rg2 $1) 30. c4 (30. d4 $17) 30... Rd4 31. Re5 Rf8 32. Rde1 {intending Re7+.} Rf7 33. Rd5+ $2 (33. Rf1) 33... Rxd5 34. cxd5 Re7 35. Rxe7+ (35. Rf1 $142 Re3 36. Nh3) 35... Kxe7 {[%mdl 4096] Endgame KB-KN} 36. Nd1 Kd6 37. Kg1 Kxd5 38. Kf2 Kd4 39. Nc3 Kxd3 40. Nb5 a5 41. b3 c4 42. bxc4 Bf4 43. h3 Kxc4 44. Na7 b5 {[%cal Bb6b5,Bb5b4][%mdl 32]} 45. Kxf3 Bc7 {Black mates.} 46. Nc6 b4 47. Ne7 f4 48. h4 a4 {Weighted Error Value: White=0.80/Black=0.20} 0-1

[Event "RUS-ch Rapid 2021"]
[Site "Sochi"]
[Date "2021.10.13"]
[Round "6.24"]
[White "Zakhartsov, Vladimir"]
[Black "Gavrilov, Maxim"]
[Result "1-0"]
[WhiteElo "2514"]
[BlackElo "2070"]
[Annotator "TA"]
[PlyCount "95"]
[EventDate "2021.10.12"]
[EventType "swiss"]
[EventCountry "RUS"]
[SourceTitle "playchess.com"]
[Source "ChessBase"]
[SourceQuality "1"]

{[%evp 9,95,20,43,-33,-30,-29,-33,-40,-27,-29,-25,-33,-18,-24,-27,-32,-27,-27,6,11,47,52,75,73,107,88,113,96,109,0,55,33,35,59,85,79,112,95,115,114,156,123,200,202,245,245,230,230,230,190,347,354,528,537,485,343,577,563,768,752,742,723,658,635,610,600,739,729,752,752,1355,1285,1658,1608,29977,12837,29987,29988,29988,29989,29989,29990,29990,29991,29992,29993,29993,29993]} 1. e4 c5 2. Ne2 d6 3. g3 Nc6 4. Bg2 g6 5. c3 Bg7 6. h3 {B20: Sicilian: Unusual White 2nd moves.} ({Better is} 6. d4 $14) 6... e5 $15 7. d3 Nge7 {[#]} 8. a3 $146 {Black is slightly better.} ({Predecessor:} 8. Be3 O-O 9. O-O Be6 10. Nd2 Rb8 11. f4 exf4 12. Nxf4 Bc8 13. Nf3 b5 14. d4 {1-0 (40) Tokranovs,D (2272)-Wenzel,B (2071) Riga 2018}) 8... O-O 9. b4 a6 10. Be3 cxb4 11. axb4 Be6 12. O-O d5 13. Na3 d4 14. cxd4 exd4 15. Bd2 Qd7 16. Nf4 b5 17. Nxe6 fxe6 18. Qb3 Kh8 19. f4 (19. Nc2 $16) 19... e5 ({Black should play} 19... g5 $11) 20. Rf2 exf4 21. gxf4 ({Much worse is} 21. Bxf4 g5 $11) 21... Rac8 {White leaves nothing to chance now.} 22. Nc2 {[%cal Ba3c2,Bc2e1,Be1f3,Bf3g5,Bg5e4,Be4d6][%mdl 32]} Qa7 23. Qa2 Nb8 24. Raf1 Qc7 {[#]} 25. Ne1 Qd7 (25... Nec6 $16 26. Bf3 Qf7 27. Qxf7 Rxf7) 26. Nf3 $18 Nec6 27. Ng5 Rce8 28. e5 Qe7 29. Qb3 h6 $2 (29... Bh6) 30. Ne4 Qh4 (30... Rd8 $142 31. Nc5 Rc8) 31. Nd6 Re7 32. Qd1 Qg3 $2 (32... Rd7 33. Qg4 Qxg4 34. hxg4 Nd8) 33. Be1 Qh4 34. Rc2 {[%mdl 64] [#] Discovered Attack} Qh5 35. Qxh5 gxh5 36. Rxc6 Nxc6 37. Bxc6 Rc7 38. Be4 Rc1 39. Nf5 Rfc8 40. Nxg7 Kxg7 41. Bh4 Rxf1+ 42. Kxf1 Kf7 43. f5 {White mates.} a5 44. e6+ Kf8 45. e7+ Ke8 46. f6 a4 47. Bg6+ {[%mdl 64] Double Attack} Kd7 48. f7 {Weighted Error Value: White=0.15/Black=0.63} 1-0

[Event "RUS-ch Rapid 2021"]
[Site "Sochi"]
[Date "2021.10.13"]
[Round "7.2"]
[White "Iljiushenok, Ilia"]
[Black "Sarana, Alexey"]
[Result "1-0"]
[WhiteElo "2554"]
[BlackElo "2649"]
[Annotator "TA"]
[PlyCount "89"]
[EventDate "2021.10.12"]
[EventType "swiss"]
[EventCountry "RUS"]
[SourceTitle "playchess.com"]
[Source "ChessBase"]
[SourceQuality "1"]

{[%evp 11,89,6,17,16,19,24,50,50,68,22,36,26,39,8,15,-1,12,17,5,8,30,22,30,16,28,0,6,4,4,0,0,0,0,0,0,-7,94,84,263,268,254,273,273,273,329,321,408,412,413,398,404,373,562,548,637,631,650,622,620,618,647,641,660,649,662,660,744,745,739,725,742,743,2024,717,698,691,716,716,701,691]} 1. e4 e5 2. Nc3 Nc6 3. Bc4 Bc5 4. Qg4 g6 5. Qf3 Nf6 6. Nge2 d6 7. d3 {[#] Hoping for Bg5. C25: Vienna Game: Alternatives to 2...Nf6.} Bg4 8. Qg3 {aiming for Bg5.} Qd7 9. Qh4 {White is slightly better.} Ng8 {[#]} 10. h3 $146 ({Predecessor:} 10. Bg5 f6 11. Bd2 O-O-O 12. f3 Be6 13. Nd5 g5 14. Qg3 Nce7 15. c3 c6 16. Nxe7+ Nxe7 17. Bxe6 Qxe6 {1-0 (40) Riera Morilla,E (1960)-Martin Perez,L (2058) Amposta 2016}) 10... Be6 11. Nd5 Nce7 12. Nec3 O-O-O 13. Bg5 Bxd5 14. Nxd5 Nxd5 15. Bxd5 (15. Bxd8 Nf4 $17) 15... f6 16. Bd2 (16. Bxf6 Nxf6 17. Qxf6 Rdf8 $17) 16... Ne7 17. Bb3 (17. Qxf6 Nxd5 18. exd5 Rdf8 $17) 17... h5 18. O-O-O g5 19. Qg3 Rdf8 20. h4 Ng6 21. hxg5 h4 22. Qh3 Qxh3 23. Rxh3 Bxf2 (23... fxg5 $11 24. f3 (24. Bxg5 Rxf2 25. Be6+ Kb8 $11) 24... Nf4 {[%mdl 64] Double Attack}) 24. Rf3 $16 fxg5 $2 {[#] This move loses the game for Black.} (24... Bg3 $16) 25. Be6+ $1 $18 ({Stronger than} 25. Bxg5 Rxf3 26. Be6+ Kb8 $15) 25... Kb8 26. Bf5 ({And not} 26. Bxg5 Rxf3 27. gxf3 h3 $17) 26... Bb6 {With the idea ...Nf4.} 27. Bxg6 Rxf3 28. gxf3 h3 29. Rh1 h2 30. Kd1 Bg1 {Black hopes to continue with ...Rh3.} 31. Bf5 d5 (31... Bd4 {was called for.} 32. c3 Bf2 33. Bxg5 Bg1) 32. exd5 {White is clearly winning.} Rf8 33. Bg4 Rd8 34. Ke2 Rxd5 35. Be3 Ra5 36. a3 Rb5 37. b3 Ra5 38. a4 b5 39. Bxg1 hxg1=Q 40. Rxg1 bxa4 41. bxa4 Rxa4 {KRB-KR} 42. Be6 (42. f4 $142 Rxf4 43. Rb1+ Ka8 44. Bf3+ Rxf3 45. Kxf3) 42... Ra6 43. Bf5 Rh6 44. Rxg5 Rh2+ 45. Kd1 {Weighted Error Value: White=0.06/Black=0.30} 1-0

[Event "RUS-ch Rapid 2021"]
[Site "Sochi"]
[Date "2021.10.13"]
[Round "7.3"]
[White "Bocharov, Dmitry"]
[Black "Riazantsev, Alexander"]
[Result "0-1"]
[WhiteElo "2517"]
[BlackElo "2634"]
[Annotator "TA"]
[PlyCount "54"]
[EventDate "2021.10.12"]
[EventType "swiss"]
[EventCountry "RUS"]
[SourceTitle "playchess.com"]
[Source "ChessBase"]
[SourceQuality "1"]

{[%evp 9,54,10,14,7,9,2,12,0,0,0,0,0,0,0,0,0,0,0,10,0,0,0,10,9,16,21,37,25,58,47,48,46,47,35,29,30,91,96,325,330,360,-97,-96,-770,-770,-1013,-1000]} 1. c4 e6 2. Nf3 d5 3. e3 Nf6 4. b3 Bd6 5. Bb2 O-O 6. Nc3 {A13: English Opening: 1...e6.} Re8 7. Be2 b6 {[#]} 8. Qc2 $146 {The position is equal.} ({Predecessor:} 8. cxd5 exd5 9. Nb5 Be7 10. Be5 Na6 11. Rc1 c5 12. O-O Bb7 13. d4 Qd7 14. Bf4 {½-½ (22) Tomashevsky,E (2706)-Sarana,A (2640) Bryansk 2021}) 8... c5 9. cxd5 exd5 10. d4 Bb7 11. O-O Nbd7 12. Rfd1 Rc8 13. Qf5 Qe7 14. Rac1 a6 15. dxc5 bxc5 16. Nxd5 Nxd5 17. Rxd5 $40 {[%mdl 128] Black must now prevent Ng5! White mounts an attack.} Bxd5 18. Qxd5 Ne5 19. Bxe5 Bxe5 20. Bxa6 ({Reject} 20. Qxe5 Qxe5 21. Nxe5 Rxe5 $11) 20... Bb2 21. Rb1 Ra8 22. Qc4 Qa7 {[#]} 23. Bb5 $1 $16 {[%cal Rb5e8]} ({Much worse is} 23. Rxb2 $6 Qxa6 24. Qxa6 (24. Qxc5 $2 Rec8 $19) 24... Rxa6 $11) 23... Qxa2 $2 (23... Red8 $16) 24. Qc2 $18 Reb8 25. Ba4 {[#]} ({White has to play} 25. Rxb2 $18 Qa1+ 26. Bf1) 25... c4 $1 $17 {[%cal Rc4b3]} 26. Rxb2 {[%mdl 8192]} (26. Nd2 $17 c3 27. Nf3) 26... cxb3 $19 27. Bxb3 {[#]} Qxb3 $1 {[%mdl 512] Weighted Error Value: White=0.58/Black=0.20} 0-1

[Event "RUS-ch Rapid 2021"]
[Site "Sochi"]
[Date "2021.10.13"]
[Round "7.4"]
[White "Triapishko, Alexandr"]
[Black "Sjugirov, Sanan"]
[Result "0-1"]
[WhiteElo "2506"]
[BlackElo "2663"]
[Annotator "TA"]
[PlyCount "106"]
[EventDate "2021.10.12"]
[EventType "swiss"]
[EventCountry "RUS"]
[SourceTitle "playchess.com"]
[Source "ChessBase"]
[SourceQuality "1"]

{[%evp 9,106,0,0,-15,3,4,33,31,32,11,18,14,14,4,7,7,6,0,0,-3,0,0,0,0,0,-13,-13,-14,-6,-3,-4,-28,-24,-50,0,-33,-47,-51,-38,-89,-81,-110,-112,-97,-76,-82,-101,-83,-103,-138,-100,-170,-146,-212,-207,-253,-245,-331,-314,-331,-337,-337,-337,-330,-323,-330,-330,-322,-316,-327,-322,-322,-205,-205,-205,-318,-205,-314,-310,-312,-113,-283,-272,-452,-416,-555,-542,-312,-312,-562,-439,-527,-507,-5302,-1929,-1350,-920,-29985,-29986]} 1. Nf3 Nf6 2. g3 d5 3. Bg2 e6 4. O-O Be7 5. d3 O-O 6. Bf4 {[#] A07: Réti Opening: New York and Capablanca Systems.} Bd6 $146 ({Predecessor:} 6... c5 7. e4 Nc6 8. Ne5 Nxe5 9. Bxe5 Nd7 10. Bf4 d4 11. a4 e5 12. Bd2 Nb8 13. Na3 Nc6 {1-0 (30) Artemiev,V (2711)-Esipenko,A (2686) Moscow 2020}) 7. Bxd6 cxd6 8. c4 {White is slightly better.} Nc6 9. cxd5 Nxd5 10. Nbd2 Bd7 11. Rc1 Qe7 12. a3 Rfc8 13. Ne4 h6 14. Nc3 Nf6 15. e4 e5 16. h3 Nh7 17. Qd2 Ng5 18. Nxg5 hxg5 19. Ne2 Qf6 20. Qe3 Be6 21. b4 b6 22. f4 gxf4 23. gxf4 Qh6 24. Rc3 (24. Qg3 $15) 24... Ne7 25. Qg3 Rxc3 26. Nxc3 Rc8 {[%cal Ba8c8,Bc8c2,Bc2d2][%mdl 32]} 27. Ne2 Rc2 28. Rf2 f6 29. h4 Bf7 30. Bf3 (30. d4 $17 {was worth a try.}) 30... Rd2 31. Bg4 (31. d4 $17) 31... Ng6 $19 32. fxe5 Nxe5 ({But not} 32... dxe5 33. h5 $17) 33. Nf4 Rxf2 34. Kxf2 {[#]} Qxf4+ $3 {[%mdl 576] Remove Defender, Decoy} 35. Qxf4 Nxd3+ {[%mdl 64] Double Attack} 36. Ke3 Nxf4 37. Kxf4 {[%mdl 4096] Endgame KB-KB} Kh7 38. Ke3 Kh6 39. Kd4 Bh5 $1 {[%cal Rh5g4]} 40. Bd7 Bf3 41. Be8 g6 42. Ke3 (42. Bd7 {only move.}) 42... Bg4 43. Kf4 (43. Kd4 $142) 43... Be6 44. Ke3 Kg7 $2 (44... g5 $19 {and Black stays clearly on top.} 45. hxg5+ fxg5) 45. Kf4 $2 {Now White is beyond hope.} (45. Kd4 $17 {was the only chance.}) 45... Bc8 46. Ke3 $2 {[#]} (46. Ba4) 46... g5 $1 {[%cal Rg5h4]} 47. hxg5 fxg5 48. Kd4 {[#]} Kf6 49. Kd5 $2 (49. Ke3) 49... Ke7 50. Bh5 g4 51. e5 (51. Kd4 $142 Kf6 52. Be8) 51... Bb7+ (51... g3 $142 52. Kc6 g2) 52. Kd4 dxe5+ 53. Kxe5 g3 {Weighted Error Value: White=0.59/Black=0.26} 0-1

[Event "RUS-ch Rapid 2021"]
[Site "Sochi"]
[Date "2021.10.13"]
[Round "7.5"]
[White "Timofeev, Artyom"]
[Black "Alekseev, Evgeny"]
[Result "1/2-1/2"]
[WhiteElo "2586"]
[BlackElo "2602"]
[Annotator "TA"]
[PlyCount "20"]
[EventDate "2021.10.12"]
[EventType "swiss"]
[EventCountry "RUS"]
[SourceTitle "playchess.com"]
[Source "ChessBase"]
[SourceQuality "1"]

{[%evp 15,20,0,7,10,4,-467,39]} 1. c4 c5 2. Nc3 g6 3. g3 Bg7 4. Bg2 Nc6 5. Nf3 d6 6. O-O e6 7. e3 Nge7 8. d4 O-O 9. Re1 $1 {[%mdl 4] now scores much better than the old 9.b3. A37: Symmetrical English vs ...g6: 4 Bg2 Bg7 5 Nf3.} cxd4 {[#]} 10. Bf1 $146 {[%mdl 8192] [#]} ({Predecessor:} 10. Nxd4 Nxd4 11. exd4 d5 12. cxd5 Nxd5 13. Nxd5 exd5 14. Bf4 Be6 15. Be5 Qb6 16. Qd2 Rac8 17. Bxg7 Kxg7 {1-0 (50) Matlakov,M (2685)-Bykhovsky,A (2496) chess.com INT 2020}) 10... Nb8 $2 {Not enough moves} (10... dxc3 $19 11. Nd4 Nxd4 12. exd4 cxb2 13. Bxb2 Bd7) 1/2-1/2

[Event "RUS-ch Rapid 2021"]
[Site "Sochi"]
[Date "2021.10.13"]
[Round "7.6"]
[White "Moiseenko, Vadim"]
[Black "Bologan, Victor"]
[Result "1/2-1/2"]
[WhiteElo "2542"]
[BlackElo "2574"]
[Annotator "TA"]
[PlyCount "122"]
[EventDate "2021.10.12"]
[EventType "swiss"]
[EventCountry "RUS"]
[SourceTitle "playchess.com"]
[Source "ChessBase"]
[SourceQuality "1"]

{[%evp 9,122,14,12,0,0,-9,11,4,10,9,27,0,0,0,0,-25,-21,-27,-20,-47,-12,-58,-16,-67,0,-71,-60,-64,-64,-99,-47,-100,-106,-126,-52,-128,-117,-113,-39,-43,-39,-63,-65,-103,-93,-101,-52,-74,-51,-147,-136,-143,-119,-123,-117,-112,-116,-128,-27,-139,-60,-123,-65,-110,-110,-110,-89,-108,-99,-110,-110,-110,-110,-110,-76,-95,-47,-816,120,120,156,50,159,153,157,150,226,60,191,195,228,206,208,200,422,414,522,518,498,474,471,466,693,352,348,341,322,283,281,258,514,518,512,498,432]} 1. e4 e5 2. Bc4 Nf6 3. d3 Nc6 4. Nc3 Na5 5. Bb3 Bb4 6. Bg5 {C28: Vienna Game: 2...Nf6 3 Bc4 Nc6.} h6 7. Bh4 Nxb3 8. axb3 {The position is equal.} d6 9. Nge2 Be6 {[#]} 10. f4 $146 ({Predecessor:} 10. O-O g5 11. Bg3 Nh5 12. f3 Nxg3 13. Nxg3 h5 14. Nge2 Bc5+ 15. Kh1 Qf6 16. Qd2 {0-1 (57) Specht,H (2029)-Babar,M (2146) Bad Woerishofen 2002}) 10... g5 11. fxg5 Nh5 12. Qc1 Rg8 13. Bf2 hxg5 14. g3 d5 15. exd5 Bxd5 16. Rf1 (16. Rg1 $1 $11) 16... Nf6 (16... Qe7 $1 $15) 17. Bg1 (17. Be3 $1 $11) 17... a5 18. Rf5 Nd7 19. Be3 {[%cal Re3g5]} g4 (19... f6 $17) 20. Bg5 (20. Kf1 $15 Bf3 21. Ng1) 20... f6 $17 21. Bd2 Be6 ({Better is} 21... Bc6 $17 22. Nd1 Bc5) 22. Rh5 (22. Rf2 $15) 22... Qe7 23. Nb5 Nb6 (23... O-O-O $17 24. Bxb4 Qxb4+ {[%mdl 64] Double Attack} 25. Nbc3 Qb6) 24. Bxb4 $15 Qxb4+ {[%mdl 64] Double Attack} 25. Nec3 O-O-O 26. Qe3 Bd7 27. Na3 Rh8 28. Rxh8 Rxh8 29. Qd2 (29. Qf2 $15) 29... a4 $1 $17 30. Nc4 Nxc4 (30... axb3 31. Nxb6+ cxb6 32. Ra8+ Kc7 33. Nd5+ Kd6 34. Qxb4+ Kxd5 35. c4+ Ke6 36. Qxb6+ Kf5 37. Rxh8) 31. dxc4 Bc6 32. Qf2 Kb8 33. Qxf6 Rf8 (33... Rxh2 $17 34. O-O-O axb3) 34. Qg7 (34. Qh6 $11) 34... axb3 (34... Bf3 $1 $17 35. Qxe5 Qb6) 35. cxb3 $15 Bf3 ({Black should play} 35... Qd6 $17 36. Nd5 Bxd5) 36. Kd2 Rd8+ {[%mdl 1024] Black has strong compensation.} 37. Kc2 Qd6 38. Kb1 e4 $1 39. Ra5 e3 {Hoping for ...e2.} 40. Re5 e2 $1 {White must now prevent ...Qd1+.} 41. Ka2 Qa6+ 42. Na4 Bc6 (42... Qc6 {with more complications.} 43. Nc3 b6 44. Qe7 Qa8+ 45. Na4 Rd4) 43. Qf6 $2 {[%mdl 8192]} (43. Qg6 $15) 43... Rc8 $2 ({But not} 43... Re8 $2 44. Rxe8+ Bxe8 45. Qd8+ Ka7 46. Qxe8 $18) (43... Rd6 $19 44. Qf8+ Ka7 45. Qf2+ {[%mdl 64] Double Attack} b6 46. Qxe2 Bxa4 47. bxa4 Qxa4+ 48. Kb1 Rd1+ 49. Qxd1 Qxd1+ 50. Ka2 Qa4+ 51. Kb1 Qd1+ 52. Ka2 Qd4) 44. Rxe2 $16 Qa5 45. Qe5 (45. Ka3 $16) 45... Qa8 {[#]} (45... Qa6 $14) 46. Ka3 $1 b6 47. Rf2 Qa6 (47... Re8 $16 {was worth a try.} 48. Qc3 Kb7) 48. Kb4 $2 ({White should try} 48. Qe6 $18 Qa8 49. Qxg4) 48... Kb7 (48... Re8 $14 49. Qg5 Qa8) 49. Rf7 $18 Kb8 50. Rg7 Qb7 51. Rxg4 Bxa4 $2 (51... Re8 {might work better.} 52. Qf6 Bxa4 53. bxa4 Qg2) 52. bxa4 {[%mdl 4096] Endgame KQR-KQR} ({Weaker is} 52. Kxa4 Qh1 $18) 52... Qf3 53. Rf4 Qg2 54. a5 Qd2+ 55. Ka3 Rd8 (55... Kb7 $142 56. Qc3 Qxc3+ 57. bxc3 Rg8 58. axb6 Kxb6) 56. Rf3 Qd1 57. Re3 Qa1+ 58. Kb3 {axb6 is the strong threat.} Qd1+ {[#]} 59. Kb4 $1 {aiming for axb6.} Kb7 (59... bxa5+ 60. Kxa5 Rd6) 60. axb6 Qd2+ 61. Qc3 c5+ {[%mdl 32768] Never resign too early!  Weighted Error Value: White=0.44/Black=0.54. An unexpected result.} 1/2-1/2